000 00660nam a2200241Ia 4500
003 OSt
005 20221006164252.0
006 a|||||r|||| 00| 0
007 ta
008 221006b |||||||| |||| 00| 0 hin d
024 _a5,124
037 _cTextual
040 _aFML
_cFML
_bhin
041 _2hin
_ahin
082 _a(:f), M9 -; 2
100 _aTrivedi R. N. Au.
_9677001
245 0 _aResearch Methedology
260 _aJaipur
_bCollege Book Depot India
_c1992
300 _a552
_ccm.
700 _a Shukla D. P. Au.
_9677002
942 _h(:f), M9 -; 2
_cTEXL
_2CC
999 _c1116691
_d1116691